| 000 | 00897nam a2200313Ia 4500 | ||
|---|---|---|---|
| 008 | 171025s9999 xx 000 0 und d | ||
| 020 | _a9780310331032 | ||
| 050 | _a362.73 | ||
| 050 | _bT254 2011 | ||
| 100 | _aTebos, Susan A. | ||
| 245 | _aBefore you were mine : | ||
| 245 | _bdiscovering your adopted child's lifestory / | ||
| 245 | _cby Susan A. Tebos and Carissa Woodwyk ; foreword by Sherrie Eldridge. | ||
| 260 | _aUSA : | ||
| 260 | _bZodervan, | ||
| 260 | _c2011 | ||
| 300 | _axii, 173 pages : | ||
| 300 | _billustrations ; | ||
| 300 | _c23cm. | ||
| 500 | _aIncludes bibliographical reference. | ||
| 650 | _aAdopted children -- | ||
| 650 | _aAdoption -- | ||
| 650 | _aScrapbooks -- | ||
| 650 | _xBiography -- Handbooks, manuals, etc. | ||
| 650 | _xHandbooks, manuals, etc. | ||
| 650 | _xReligious aspects. | ||
| 700 | _aTitle. | ||
| 700 | _aWoodwyk, Carissa. | ||
| 999 |
_c344771 _d344771 |
||